000 00878cam a22002531 4500
001 w 32000002
003 DLC
005 20260227112808.0
008 850606s1932 dcu b f000 0 eng c
010 _aw 32000002
035 _a(OCoLC)12126511
040 _aWashington, D.C. Public Library
_cCLU
_dCLU
_dDLC
042 _apremarc
050 0 0 _aZ5063
_b.W32 1932
110 1 _aDistrict of Columbia.
_bPublic Library.
245 1 0 _aBooks on aeronautics,
_ba reading list,
_ccompiled by Olive Chace ...
260 _aWashington,
_bU.S. Govt. Print. Off.,
_c1932.
300 _a59 p.
_c15 cm.
490 1 _aIts Reference list.
_vno. 27
500 _aAt head of title: The Public library of the District of Columbia ...
650 0 _aAeronautics
_vBibliography.
700 1 _aChace, Olive,
_ecomp.
810 1 _aDistrict of Columbia.
_bPublic Library.
_tReference list.
_vno. 27.
999 _c92079
_d92079